Introduction to public finance and taxation/
Na minha lista:
| Autor principal: | |
|---|---|
| Outros Autores: | |
| Formato: | Livro |
| Publicado em: |
Mzumbe, Morogoro:
Mzumbe University.,
c2019
|
| Assuntos: | |
| Tags: |
Adicionar Tag
Sem tags, seja o primeiro a adicionar uma tag!
|
MARC
| LEADER | 00000nam a2200000 4500 | ||
|---|---|---|---|
| 020 | |a 9789987140626 |c TZS.10000/= | ||
| 040 | |a MUL |b eng. |e AACR | ||
| 082 | |a 336.2 MAP | ||
| 100 | |a Mapesa, Haruni J. | ||
| 245 | |a Introduction to public finance and taxation/ |c Haruni J. Mapesa and Joseph S. Kiria | ||
| 260 | |a Mzumbe, Morogoro: |b Mzumbe University., |c c2019 | ||
| 300 | |a xvii,279p.: |b ill.; |c 30cm. | ||
| 504 | |b Includes references pg.261-263 | ||
| 546 | |a eng. | ||
| 650 | |a Taxation | ||
| 650 | |a Theories of Taxation | ||
| 650 | |a Economic Theory | ||
| 650 | |a Physiological Theory | ||
| 650 | |a Sociological Theory | ||
| 650 | |a Insurance Business | ||
| 650 | |a Depreciable Asserts | ||
| 650 | |a Taxable Royality | ||
| 650 | |a Local Government Authority Finances | ||
| 700 | |a Kiria, Joseph S. | ||
| 942 | |c BK | ||
| 999 | |c 10791 |d 10791 | ||